|
|
|
|
| LEADER |
00000nam a22000007a 4500 |
| 005 |
20221018223346.0 |
| 007 |
cr|||| |||| |
| 008 |
221018s2022 es |||||s|||| 00||0 spa d |
| 020 |
|
|
|a 9788419045577
|
| 035 |
|
|
|a 37468
|
| 040 |
|
|
|a vLex
|
| 090 |
|
|
|c 14040
|d 14040
|
| 100 |
1 |
|
|a Parra Rodrg̕uez, Carmen
|
| 245 |
1 |
0 |
|a Hacia una tercera edad activa
|h [Recurso electrn̤ico] :
|b Longevidad, calidad de vida y tecnologa̕ /
|c Carmen Parra Rodrg̕uez, Olga Lasaga, Javier Barraycoa
|
| 256 |
|
|
|a Servicio en ln̕ea
|
| 260 |
|
|
|a Barcelona:
|b J.M. Bosch Editor,
|c 2022
|
| 300 |
|
|
|a 1 recurso electrn̤ico
|
| 500 |
|
|
|a En la actualidad, un 20 % de la poblacin̤ es mayor de 65 aǫs existiendo la previsin̤ de que en 2050 se triplicar ̀el nm︢ero de personas mayores de 80 aǫs. Estos datos suponen un reto demogrf̀ico sin precedentes que abre la va̕ a nuevos mercados. En este contexto surge la Economa̕ Plateada (Silver Economy), que engloba los nuevos modelos de atencin̤ que traen consigo negocios emergentes que buscan mejorar la calidad de vida de las personas mayores. Ante este panorama junto a las opciones puramente asistenciales y relacionadas con la salud, se abren nuevas va̕s de negocio relacionadas con el ocio y la calidad de vida de estas personas que disponen de ms̀ tiempo libre y recursos para disfrutarlos. En este sentido, la economa̕ deber ̀buscar espacios accesibles e intergeneracionales que apoyen los nuevos modelos de convivencia en las que las empresas y operadores sociosanitarios tengan un papel protagonista respecto al reto demogrf̀ico. Para ello este libro aborda cuestiones relacionadas con los nuevos modelos de atencin̤ centrados en la persona, la Responsabilidad Social Corporativa y la contribucin̤ de las nuevas tecnologa̕s que permitan afrontar los cambios que estǹ sucediendo y responder a las necesidades de las personas mayores, ofreciendo productos y servicios adaptados a sus necesidades.
|
| 506 |
1 |
|
|a Disponible solo en los productos indicados
|d vLex Global
|d vLex Global (Academic Edition, excluding Law Schools)
|d vLex Global (U.S. Academic Edition, Law Schools)
|d vLex Global (U.S. Academic Edition, excluding Law Schools)
|d vLex Global (Academic Edition, Law Schools)
|
| 650 |
0 |
4 |
|a Derecho Laboral y Seguridad Social
|z Espaą
|
| 700 |
1 |
|
|a Lasaga, Olga
|
| 700 |
1 |
|
|a Barraycoa, Javier
|
| 740 |
0 |
|
|a vLex Libros (Servicio en ln̕ea)
|
| 856 |
4 |
0 |
|u https://app.vlex.com/#/sources/37468
|z Acceso restringido
|
| 942 |
|
|
|c BOOK
|
| 999 |
0 |
|
|a Labor law and social security
|